[Event "C.to Italiano U12 femminile"]
[Site "Arvier ITA"]
[Date "2003.07.01"]
[Round "2"]
[White "Vocaturo, Ilaria"]
[Black "D'Auria, Marta"]
[Result "1-0"]
[WhiteElo "1437"]
[BlackElo "1600"]
[PlyCount "89"]
[EventDate "2003.07.01"]

1. e4 e5 2. Nf3 Nc6 3. d4 exd4 4. Nxd4 Nxd4 5. Qxd4 d6 6. Bc4 Nf6 7. Nc3 c6 8.
Bg5 Be7 9. O-O h6 10. Be3 O-O 11. Rfd1 b5 12. Be2 c5 13. Qd3 b4 14. Nb5 Ba6 15.
a3 Rb8 16. c4 bxa3 17. Rxa3 Bxb5 18. cxb5 Qd7 19. e5 Ne8 20. Bxc5 Rxb5 21. Qxb5
Qxb5 22. Bxb5 dxc5 23. Rxa7 Bg5 24. Rd5 g6 25. Rxc5 Ng7 26. Ba4 Ne6 27. Rc2 Nd4
28. Rc4 Rd8 29. b4 Nb5 30. Ra5 Na3 31. Rc6 Be7 32. b5 Bb4 33. Ra7 Nxb5 34. Rb7
Rd2 35. Rxb5 Ra2 36. Bd1 Ra1 37. Rd5 h5 38. g3 Kg7 39. Kg2 Ra2 40. Rd7 Kh6 41.
Rxf7 Rd2 42. Bf3 Rd8 43. e6 Re8 44. Ra6 Bc5 45. Bc6 1-0

[Event "C.to Italiano U12 femminile"]
[Site "Arvier ITA"]
[Date "2003.07.02"]
[Round "3"]
[White "Greco, Sara"]
[Black "Vocaturo, Ilaria"]
[Result "1/2-1/2"]
[WhiteElo "1498"]
[BlackElo "1437"]
[PlyCount "54"]
[EventDate "2003.07.01"]

1. e4 e5 2. Nf3 Nf6 3. Nc3 Bb4 4. Bc4 Nc6 5. O-O O-O 6. d4 exd4 7. Nxd4 Bxc3 8.
bxc3 Nxe4 9. Qf3 Nf6 10. Bg5 Ne5 11. Qe2 d6 12. h3 Re8 13. Bb3 h6 14. Bf4 Ng6
15. Qf3 Nxf4 16. Qxf4 Re4 17. Qg3 Bd7 18. Rfe1 Qe8 19. Nf3 Qe7 20. Qg6 Ba4 21.
Rxe4 Nxe4 22. Bxf7+ Kh8 23. Re1 Bxc2 24. Nd2 Nxd2 25. Rxe7 Bxg6 26. Bxg6 Rc8
27. Bf5 Rf8 1/2-1/2

[Event "C.to Italiano U12 femminile"]
[Site "Arvier ITA"]
[Date "2003.07.04"]
[Round "5"]
[White "Reginato, Sabrina"]
[Black "Brunello, Roberta"]
[Result "1-0"]
[WhiteElo "1395"]
[BlackElo "1480"]
[PlyCount "115"]
[EventDate "2003.07.01"]

1. e4 e5 2. Nf3 Nc6 3. d4 exd4 4. Nxd4 Bc5 5. Be3 Qf6 6. c3 Nge7 7. Be2 d5 8.
Bf3 dxe4 9. Bxe4 Ne5 10. O-O Ng4 11. Qd3 Bd6 12. g3 Bd7 13. Bg2 O-O 14. Bxb7
Rab8 15. Be4 Qe5 16. Bxh7+ Kh8 17. Be4 Qh5 18. Nf3 Nc6 19. h4 Rxb2 20. Nbd2
Rbb8 21. Bxc6 Bxc6 22. Bxa7 Rbd8 23. Qc2 Qd5 24. Qd1 Ne5 25. Kg2 Bb5 26. Re1
Nd3 27. Re3 Bc5 28. Bxc5 Qxc5 29. Qb3 Bc6 30. Qc4 Bxf3+ 31. Rxf3 Qd6 32. Rxf7
Ne5 33. Rxf8+ Rxf8 34. Qe2 Nd3 35. Ne4 Qd5 36. Rd1 Re8 37. Qxd3 Qxe4+ 38. Qxe4
Rxe4 39. Rd4 Re2 40. Ra4 Rc2 41. c4 Kg8 42. Kf3 Kf7 43. a3 Ke6 44. Ke3 Kd6 45.
g4 Ke5 46. Ra5+ Ke6 47. c5 Rc3+ 48. Kf4 Rc4+ 49. Kg5 Re4 50. f4 Rd4 51. h5 Kf7
52. c6 Rd6 53. Rc5 Rd3 54. a4 Ra3 55. a5 Ra4 56. h6 gxh6+ 57. Kxh6 Rxf4 58.
Rf5+ 1-0

[Event "C.to Italiano U12 femminile"]
[Site "Arvier ITA"]
[Date "2003.07.04"]
[Round "6"]
[White "Vocaturo, Ilaria"]
[Black "Reginato, Sabrina"]
[Result "0-1"]
[WhiteElo "1437"]
[BlackElo "1395"]
[PlyCount "112"]
[EventDate "2003.07.01"]

1. e4 c5 2. Nf3 d6 3. Nc3 Nf6 4. Bc4 Nc6 5. d3 g6 6. O-O Bg7 7. Be3 O-O 8. Qd2
Bd7 9. Rfe1 Re8 10. Rad1 a6 11. d4 cxd4 12. Nxd4 Qc7 13. Bb3 Rac8 14. a3 Ng4
15. Nf3 Nxe3 16. Qxe3 Na5 17. Ba2 Bxc3 18. bxc3 Qxc3 19. Bb1 Qxe3 20. Rxe3 Ba4
21. Rc1 Rc7 22. Re2 Nc4 23. Nd2 Nxa3 24. Nf3 Nxb1 25. Rxb1 Rec8 26. Nd4 Bxc2
27. Rb2 Bd3 28. Re1 Rc1 29. Nf3 Bxe4 30. Rbe2 Rxe1+ 31. Nxe1 Bf5 32. h3 Kf8 33.
Kh2 b5 34. Rb2 Rb8 35. Nf3 b4 36. Nd4 b3 37. Nxb3 Be6 38. f3 Rxb3 39. Ra2 Rb6
40. Ra1 Bc4 41. Ra4 Bb5 42. Ra3 Rb7 43. Kh1 Ra7 44. Kg1 a5 45. Rb3 Bc4 46. Ra3
a4 47. Kf2 Bb3 48. Ke3 Rc7 49. Kd3 Rc2 50. g4 Ra2 51. Rxa2 Bxa2 52. Kc2 Bd5 53.
f4 a3 54. Kb1 a2+ 55. Ka1 Bc4 56. h4 d5 0-1

[Event "C.to Italiano U12 femminile"]
[Site "Arvier ITA"]
[Date "2003.07.05"]
[Round "7"]
[White "Reginato, Sabrina"]
[Black "Prugger, Giuana"]
[Result "1-0"]
[WhiteElo "1395"]
[BlackElo "1500"]
[PlyCount "77"]
[EventDate "2003.07.01"]

1. e4 e5 2. Nf3 Nc6 3. d4 exd4 4. Nxd4 Bc5 5. Be3 Nf6 6. Nxc6 bxc6 7. Bxc5 Nxe4
8. Qe2 d5 9. f3 Qf6 10. Nc3 d4 11. Qxe4+ Kd7 12. Qxd4+ Qxd4 13. Bxd4 Re8+ 14.
Be2 Ba6 15. Kf2 Bb7 16. Bxg7 Re7 17. Rad1+ Ke8 18. Rhe1 h5 19. Bc4 Rxe1 20.
Rxe1+ Kd7 21. Bxf7 c5 22. Bxh5 Rg8 23. Bg4+ Kc6 24. Re6+ Kd7 25. Rb6+ Kd8 26.
Bf6+ Ke8 27. Rxb7 Kf7 28. Bh4 Re8 29. Bh5+ Kf8 30. Bxe8 Kxe8 31. Rxc7 a5 32. f4
a4 33. Ke3 a3 34. bxa3 c4 35. Ke4 Kf8 36. Kf5 Kg8 37. Kf6 Kh8 38. Kg6 Kg8 39.
Rc8# 1-0